000 00588nam a2200241 a 4500
001 nice12345678
003 IN_TiNIC
005 20260116011328.0
008 050524s1904 leia grs 000 0 17g
020 _a
_c100
082 0 0 _a229.4
_bLEV
100 _aLevi, Israel
245 _aHebrew Text of the Book of Ecclesiasticus
260 _aLeiden
_bE. J. Brill
_c1904
300 _a85p
500 _aincludes index and biblioraphy
505 2 _aBiblio..., Index
650 _aEcclesiasticus-Hebrew
700 1 _aLevi, Israel
902 _bSRS
942 _cPS
999 _c559
_d559